000 00790nam a2200277Ia 4500
003 OSt
005 20220928115106.0
006 a|||||r|||| 00| 0
007 ta
008 220927b |||||||| |||| 00| 0 eng d
020 _c1295
024 _a116401
037 _b114, 04/08/2012, N.R.Book Distributors
_cTextual
040 _aSDCL
_cSDCL
_beng
041 _2eng
_aeng
082 _aL:4:56, Q2
100 _aAbbas Abul K
245 0 _aCellular & molecular immunology.
250 _a7th
260 _aPhiladelphia
_bElsevier
_c2012
300 _ax,545p.
_ccm.
650 _aMicrobiology
700 _a Lichtman Andrew H
942 _hL:4:56, Q2
_cTEXL
_2CC
999 _c758177
_d758177